000 00479nam a2200157Ia 4500
008 210716s2007 xx 000 0 und d
020 _a813171490X
041 _aeng
082 _a004.22 ERLT
100 _aErl, Thomas.
245 _aService oriented architecture: concepts technology and design.
_bConcepts technology and design.
250 _a1
260 _aNew Delhi
_bPearson Education
_c2007
300 _axxviii,760/ 2011
650 _aComputer Architecture/Organization
999 _c191516
_d191516